Wireless communication systems,advanced techniques for signal reception (Record no. 568417)

000 -LEADER
fixed length control field 00602nam a22001937a 4500
003 - CONTROL NUMBER IDENTIFIER
control field CEME
005 - DATE AND TIME OF LATEST TRANSACTION
control field 20210628202102.0
008 - FIXED-LENGTH DATA ELEMENTS--GENERAL INFORMATION
fixed length control field 210115b xxu||||| |||| 00| 0 eng d
020 ## - INTERNATIONAL STANDARD BOOK NUMBER
International Standard Book Number 9788177588736
040 ## - CATALOGING SOURCE
Transcribing agency .
082 ## - DEWEY DECIMAL CLASSIFICATION NUMBER
Classification number 621.382 WAN
100 ## - MAIN ENTRY--PERSONAL NAME
Personal name Wang, Xiaodong
9 (RLIN) 58216
245 ## - TITLE STATEMENT
Title Wireless communication systems,advanced techniques for signal reception
260 ## - PUBLICATION, DISTRIBUTION, ETC.
Place of publication, distribution, etc. INDIA
Name of publisher, distributor, etc. PEARSON EDUCATION
Date of publication, distribution, etc. 2006
300 ## - PHYSICAL DESCRIPTION
Extent XV, 682P
650 ## - SUBJECT ADDED ENTRY--TOPICAL TERM
Topical term or geographic name entry element WIRELESS COMMUNICATION SYSTEMS.COMMUNICATION SYSTEMS.TECHNIQUES FOR SIGNAL RECEPTION
9 (RLIN) 58217
700 ## - ADDED ENTRY--PERSONAL NAME
Personal name Poor, h. Vincent
9 (RLIN) 58218
942 ## - ADDED ENTRY ELEMENTS (KOHA)
Koha item type Book
Source of classification or shelving scheme
Holdings
Withdrawn status Lost status Damaged status Not for loan Permanent Location Current Location Shelving location Date acquired Total Checkouts Full call number Barcode Date last seen Price effective from Koha item type
        College of Electrical & Mechanical Engineering (CEME) College of Electrical & Mechanical Engineering (CEME) General Stacks 02/16/2017   621.382 WAN CEME-47963 06/28/2021 06/28/2021 Book
© 2023 Central Library, National University of Sciences and Technology. All Rights Reserved.